000 00724nam a22002297a 4500
005 20170124110037.0
010 _aA-950756
020 _c55.00
_a812031431
035 _aA-950756
037 _bCen Lib/Ret
040 _aDPL
_bEN
082 _a616.13205
_bWHO
245 _aHypertension control :
_cedited by Who
_b report of a WHO expert committee /
260 _aNew Delhi
_bPrentce Hall of India
_c1998
270 _aM-97,Cannught Circus
_bNew Delhi
_e110001
300 _a83p.
_c23cm(Hb)
500 _aIncludes bibliographical reference
650 _aHypertension--Prevention
_922945
650 _aHypertension--Risk factors
_922946
700 _aWHO
_922863
942 _2ddc
_cEN
_h616.13205
_mWHO
999 _c128291
_d128291